000
00356nam a2200157Ia 4500
008
231217s9999 xx 000 0 und d
020
_a
333903595
041
_a
English
082
_a
808.83 TAG;1 R
100
_a
Tagore, Rabindranath.
245
0
_a
Wreck
260
_c
1975
_b
McMillan India Ltd.
300
_a
519
650
_a
Wreck
942
_c
AA
999
_c
191678
_d
191678